|
|
|
|
| LEADER |
00000nab a2200000 ar4500 |
| 001 |
vtls010070146 |
| 003 |
SK-MaSNL |
| 005 |
20260303050821.0 |
| 008 |
100301c1974 xo |r|p|||||||000 b|slo |
| 015 |
|
|
|a SNBRB1974
|
| 038 |
|
|
|a SNKBUCL
|
| 040 |
|
|
|a SNKBUCL
|b slo
|c SNKBUCL
|e AACR2
|
| 041 |
|
|
|a slo
|
| 044 |
|
|
|a xo
|c SK
|
| 080 |
|
|
|a 7.097
|2 1997
|
| 100 |
1 |
|
|a Skalský, F.
|4 aut
|9 1035127
|
| 245 |
1 |
0 |
|a Hra o stretnutí života a smrti
|c F. Skalský
|
| 630 |
0 |
7 |
|a Šťastní (televízna inscenácia)
|2 snkbucl
|9 1039495
|
| 655 |
|
7 |
|a recenzie
|2 snkbucl
|9 21907
|
| 773 |
0 |
|
|t Práca
|g (25.9.1974), s. 6
|
| 852 |
|
|
|a SNK
|b KIS3GCP
|
| 958 |
|
|
|a RC
|
| 999 |
|
|
|c 1709021
|d 1710951
|